| 000 | 00371nam a22001097a 4500 | ||
|---|---|---|---|
| 008 | 230621b xxu||||| |||| 00| 0 eng d | ||
| 082 |
_a328.42 _bWSW |
||
| 245 |
_aParliament of New South Wales _bLegislative Assembly _cStanding Rules and Orders _hApproved by Governor, 12 December 1994 Amendments approved, 14 october 1996 |
||
| 260 | _c1996 | ||
| 300 | _a95p | ||
| 942 |
_2ddc _cBK |
||
| 999 |
_c2288 _d2288 |
||